Statystyki dla Gry Call of Duty

Kliknij tutaj aby rozwiązać quiz!

Ogólne statystyki

  • Ten quiz został rozwiązany 46 razy
  • Średni wynik to 15 z 19

Statystyki odpowiedzi

RokGry% Poprawnych
2019Modern Warfare
100%
2007Modern Warfare
100%
2009Modern Warfare 2
97%
2022Modern Warfare II
97%
2011Modern Warfare 3
95%
2003Call of Duty
92%
2005Call of Duty 2
92%
2006Call of Duty 3
89%
2010Black Ops
87%
2012Black Ops II
87%
2015Black Ops III
84%
2018Black Ops 4
79%
2008World at War
58%
2014Advanced Warfare
55%
2013Ghosts
55%
2020Black Ops Cold War
53%
2017WWII
53%
2016Infinite Warfare
42%
2021Vanguard
39%

Rozkład punktacji

Percentyl według liczby udzielonych odpowiedzi

Procent ludzi z każdym wynikiem

Twoja historia wyników

Nie rozwiązałeś tego quizu